<?xml version="1.0" encoding="UTF-8"?><?xml-stylesheet type="text/xsl" href="static/style.xsl"?><OAI-PMH xmlns="http://www.openarchives.org/OAI/2.0/" xmlns:xsi="http://www.w3.org/2001/XMLSchema-instance" xsi:schemaLocation="http://www.openarchives.org/OAI/2.0/ http://www.openarchives.org/OAI/2.0/OAI-PMH.xsd"><responseDate>2026-06-07T02:40:25Z</responseDate><request verb="GetRecord" identifier="oai:riubu.ubu.es:10259/4881" metadataPrefix="marc">https://riubu.ubu.es/oai/request</request><GetRecord><record><header><identifier>oai:riubu.ubu.es:10259/4881</identifier><datestamp>2021-11-10T09:38:19Z</datestamp><setSpec>com_10259_3924</setSpec><setSpec>com_10259_5086</setSpec><setSpec>com_10259_2604</setSpec><setSpec>col_10259_3925</setSpec></header><metadata><record xmlns="http://www.loc.gov/MARC21/slim" xmlns:doc="http://www.lyncode.com/xoai" xmlns:xsi="http://www.w3.org/2001/XMLSchema-instance" xmlns:dcterms="http://purl.org/dc/terms/" xsi:schemaLocation="http://www.loc.gov/MARC21/slim http://www.loc.gov/standards/marcxml/schema/MARC21slim.xsd">
<leader>00925njm 22002777a 4500</leader>
<datafield tag="042" ind1=" " ind2=" ">
<subfield code="a">dc</subfield>
</datafield>
<datafield tag="720" ind1=" " ind2=" ">
<subfield code="a">Kotev, Martin .</subfield>
<subfield code="e">author</subfield>
</datafield>
<datafield tag="720" ind1=" " ind2=" ">
<subfield code="a">Manuel Manresa, Pilar .</subfield>
<subfield code="e">author</subfield>
</datafield>
<datafield tag="720" ind1=" " ind2=" ">
<subfield code="a">Hernando Santa Cruz, Elsa</subfield>
<subfield code="e">author</subfield>
</datafield>
<datafield tag="720" ind1=" " ind2=" ">
<subfield code="a">Soto Cerrato, Vanessa</subfield>
<subfield code="e">author</subfield>
</datafield>
<datafield tag="720" ind1=" " ind2=" ">
<subfield code="a">Orozco, Modesto .</subfield>
<subfield code="e">author</subfield>
</datafield>
<datafield tag="720" ind1=" " ind2=" ">
<subfield code="a">Quesada Pato, Roberto</subfield>
<subfield code="e">author</subfield>
</datafield>
<datafield tag="720" ind1=" " ind2=" ">
<subfield code="a">Pérez Tomás, Ricardo</subfield>
<subfield code="e">author</subfield>
</datafield>
<datafield tag="720" ind1=" " ind2=" ">
<subfield code="a">Guallar, Victor</subfield>
<subfield code="e">author</subfield>
</datafield>
<datafield tag="260" ind1=" " ind2=" ">
<subfield code="c">2017-08</subfield>
</datafield>
<datafield tag="520" ind1=" " ind2=" ">
<subfield code="a">Combining computational modeling, de novo compound synthesis, and in vitro and cellular assays, we have performed an inhibition study against the enhancer of zeste homolog 2 (EZH2) histone-lysine N-methyltransferase. This enzyme is an important catalytic component of the PRC2 complex whose alterations have been associated with different cancers. We introduce here several tambjamine-inspired derivatives with low micromolar in vitro activity that produce a significant decrease in histone 3 trimethylation levels in cancer cells. We demonstrate binding at the methyl transfer active site, showing, in addition, that the EZH2 isolated crystal structure is capable of being used in molecular screening studies. Altogether, this work provides a successful molecular model that will help in the identification of new specific EZH2 inhibitors and identify a novel class of tambjamine-derived EZH2 inhibitors with promising activities for their use in cancer treatment.</subfield>
</datafield>
<datafield tag="024" ind2=" " ind1="8">
<subfield code="a">1549-9596</subfield>
</datafield>
<datafield tag="024" ind2=" " ind1="8">
<subfield code="a">http://hdl.handle.net/10259/4881</subfield>
</datafield>
<datafield tag="024" ind2=" " ind1="8">
<subfield code="a">10.1021/acs.jcim.7b00178</subfield>
</datafield>
<datafield tag="245" ind1="0" ind2="0">
<subfield code="a">Inhibition of human enhancer of zeste homolog 2 with tambjamine analogs</subfield>
</datafield>
</record></metadata></record></GetRecord></OAI-PMH>